Southville International School and Colleges
Your cart is empty.
  • Cart
  • Lists
    Public lists Eva Luna New books Lux_list list_1
    Your lists Log in to create your own lists
  • Log in to your account
  • Your cookies
  • Search history
Southville International School and Colleges
  • Advanced search
  • Recent comments
  • Most popular
  • Libraries

Log in to your account

Log in with GOOGLE


If you do not have an external account, but do have a local account, you can still log in:

  1. Home
  2. MARC view: Melting stones /
Normal view MARC view ISBD view

Melting stones / (Record no. 33619)

[ view plain ]
MARC details
000 -LEADER
fixed length control field 01401cam a2200361 a 4500
001 - CONTROL NUMBER
control field 15107494
003 - CONTROL NUMBER IDENTIFIER
control field OSt
005 - DATE AND TIME OF LATEST TRANSACTION
control field 20140310184325.0
008 - FIXED-LENGTH DATA ELEMENTS--GENERAL INFORMATION
fixed length control field 071210s2008 nyu c 000 1 eng
010 ## - LIBRARY OF CONGRESS CONTROL NUMBER
LC control number 2007045036
020 ## - INTERNATIONAL STANDARD BOOK NUMBER
International Standard Book Number 9780545052641
020 ## - INTERNATIONAL STANDARD BOOK NUMBER
International Standard Book Number 9780545052658 (alk. paper)
040 ## - CATALOGING SOURCE
Original cataloging agency DLC
Transcribing agency DLC
Modifying agency DLC
042 ## - AUTHENTICATION CODE
Authentication code lcac
050 00 - LIBRARY OF CONGRESS CALL NUMBER
Classification number PZ 7
Item number .P61464 2010
100 1# - MAIN ENTRY--PERSONAL NAME
Personal name Pierce, Tamora.
9 (RLIN) 19642
245 10 - TITLE STATEMENT
Title Melting stones /
Statement of responsibility, etc Tamora Pierce.
250 ## - EDITION STATEMENT
Edition statement 1st ed.
260 ## - PUBLICATION, DISTRIBUTION, ETC. (IMPRINT)
Place of publication, distribution, etc New York, NY :
Name of publisher, distributor, etc Scholastic Inc.,
Date of publication, distribution, etc 2010.
300 ## - PHYSICAL DESCRIPTION
Extent 312 p. :
Dimensions 22 cm.
500 ## - GENERAL NOTE
General note "This work was originally published as an audio book by Full Cast Audio in 2007"--T.p. verso.
520 ## - SUMMARY, ETC.
Summary, etc Residents of the island of Starns send for help from Winding Circle temple, and when prickly green mage Rosethorn and young stone mage trainee Evvy respond, Evvy finds that the problem is with a long-dormant volcano and tries to use her talents to avert the looming destruction.
521 ## - TARGET AUDIENCE NOTE
Target audience note
526 ## - STUDY PROGRAM INFORMATION NOTE
Reading level 590
650 #1 - SUBJECT ADDED ENTRY--TOPICAL TERM
Topical term or geographic name as entry element Magic
Form subdivision Fiction.
9 (RLIN) 23694
650 #1 - SUBJECT ADDED ENTRY--TOPICAL TERM
Topical term or geographic name as entry element Fantasy.
9 (RLIN) 3293
856 41 - ELECTRONIC LOCATION AND ACCESS
Materials specified Table of contents only
Uniform Resource Identifier <a href="http://www.loc.gov/catdir/toc/ecip087/2007045036.html">http://www.loc.gov/catdir/toc/ecip087/2007045036.html</a>
906 ## - LOCAL DATA ELEMENT F, LDF (RLIN)
a 7
b cbc
c orignew
d 1
e ecip
f 20
g y-gencatlg
942 ## - ADDED ENTRY ELEMENTS (KOHA)
Source of classification or shelving scheme Library of Congress Classification
Koha item type
Holdings
Withdrawn status Lost status Source of classification or shelving scheme Damaged status Home library Current library Shelving location Date acquired Total Checkouts Full call number Barcode Date last seen Copy number Price effective from Koha item type
    Library of Congress Classification   Luxembourg Library Luxembourg Library Scholastic Reading Center Section 10/03/2013   PZ 7 .P61464 2010 LEX1420 04/18/2017 1 10/03/2013 Books
    Library of Congress Classification   Luxembourg Library Luxembourg Library Scholastic Reading Center Section 10/08/2013   PZ 7 .P61464 2010 LEX1419 04/18/2017 2 10/08/2013 Books

Melting stones /

APA

Pierce T., . (2010). Melting stones. New York, NY: Scholastic Inc.

Chicago

Pierce Tamora, . 2010. Melting stones. New York, NY: Scholastic Inc.

Harvard

Pierce T., . (2010). Melting stones. New York, NY: Scholastic Inc.

MLA

Pierce Tamora, . Melting stones. New York, NY: Scholastic Inc. 2010.

  • Place hold
  • Print
  • Cite
  • Add to your cart (remove)
  • Save record
    BIBTEX Dublin Core MARCXML MARC (non-Unicode/MARC-8) MARC (Unicode/UTF-8) MARC (Unicode/UTF-8, Standard) MODS (XML) RIS
  • More searches
    Search for this title in:
    Other Libraries (WorldCat) Other Databases (Google Scholar) Online Stores (Bookfinder.com) Open Library (openlibrary.org)

Exporting to Dublin Core...

SOUTHVILLE LIBRARY

Southville International School and Colleges Library

1281 Tropical Ave. Cor. Luxembourg St., BF Homes International, Las Pinas City

Tel. No. 8256374 / 252358 Loc. 117/146

Powered by Koha